[Event "ch-TUR"]
[Site "Ankara TUR"]
[Date "2002.07.28"]
[Round "8"]
[White "Ulucan,T"]
[Black "Atakisi,U"]
[Result "0-1"]
[WhiteElo "2076"]
[BlackElo "2361"]

1.e4 c5 2.Nf3 Nc6 3.d4 cxd4 4.Nxd4 Qc7 5.Nc3 e6 6.Ndb5 Qb8 7.Be3 Nf6 8.f4 a6
9.Nd4 Bb4 10.Nxc6 bxc6 11.Bd3 e5 12.O-O Bd6 13.f5 Qxb2 14.Na4 Qa3 15.c3 Be7
16.Kh1 d5 17.Nb6 Rb8 18.exd5 cxd5 19.Rb1 O-O 20.Qe2 Qd6 21.Bxa6 Bxa6 22.Qxa6 Qc6
23.Rb3 Rfd8 24.a4 Bc5 25.Bxc5 Qxc5 26.a5 Ne4 27.Qe2 Qxa5 28.Rfb1 Nxc3 29.Qe1 d4
30.Nc4 Rxb3 31.Rxb3 Qd5 32.Nd2 e4 33.f6 e3 34.Qg3 g6 35.Nf3 Qxb3 36.h3 Qb1+
37.Kh2 Qb8  0-1

[Event "7th Open"]
[Site "Creon FRA"]
[Date "2002.07.30"]
[Round "4"]
[White "Prie,E"]
[Black "Zigura,O"]
[Result "1-0"]
[WhiteElo "2489"]
[BlackElo "2388"]

1.e4 c5 2.Nf3 Nc6 3.d4 cxd4 4.Nxd4 Qc7 5.Nc3 e6 6.Be3 Nf6 7.Bd3 a6 8.O-O Nxd4
9.Bxd4 Bc5 10.Bxf6 gxf6 11.Qg4 Qe5 12.Qg7 Rf8 13.Kh1 Bd4 14.f4 Qc5 15.Ne2 Bxb2
16.Rab1 Bd4 17.c3 Be3 18.Rf3 b5 19.Rd1 Qb6 20.Qxf6 Bc5 21.Rh3 Be7 22.Qg7 Bb7
23.Rxh7 O-O-O 24.Qd4 Qc7 25.c4 Bc5 26.Qc3 bxc4 27.Bxc4 Bxe4 28.Rh5 f5 29.Rc1 Rg8
30.Ng3 Rg6 31.Rh7 Qb6 32.Bf1 d6  1-0

[Event "ch-IRI"]
[Site "Tehran IRI"]
[Date "2002.07.30"]
[Round "4"]
[White "Chaichi,N"]
[Black "Akbarinia,S"]
[Result "0-1"]
[WhiteElo "2188"]
[BlackElo "2257"]

1.e4 c5 2.Nf3 Nc6 3.d4 cxd4 4.Nxd4 Qc7 5.Nc3 e6 6.Ndb5 Qb8 7.Be3 a6 8.Bb6 axb5
9.Nxb5 Bb4+ 10.c3 Ba5 11.Nc7+ Qxc7 12.Bxc7 Bxc7 13.Qg4 Kf8 14.f4 d5 15.e5 Ra4
16.b4 Ra3 17.Bb5 Rxc3 18.Kd2 Ra3 19.Bxc6 bxc6 20.Rhc1 f5 21.Qh4 Ne7 22.Qf2 Kf7
23.Qc5 Ba6 24.Rc3 Ra4 25.Rg3 Re8 26.a3 Bb5 27.Rc1 d4 28.Rc4 Nd5 29.Rc1 Rd8
30.Qc2 Nxf4 31.Qb3 Bxe5 32.Rxc6 Bxc6 33.b5 Ra7 34.bxc6 Nd5 35.Rf3 Rc7 36.g4 Bf4+
37.Rxf4 Nxf4 38.gxf5 Rd6 39.fxe6+ Nxe6 40.Qf3+ Ke7 41.Qh5 Rcxc6 42.Qxh7 d3
43.Qh4+ Kd7 44.Qa4 Nc5 45.Qg4+ Kd8 46.Qg5+ Kc8 47.Qg4+ Kb8 48.Qb4+ Kc7 49.Qc4 Nd7
50.Qe4 Rc2+ 51.Kd1 Nc5 52.Qf5 Rf6 53.Qe5+ Kb6 54.Qe1 d2 55.Qe2 Rb2  0-1

[Event "7th Open"]
[Site "Creon FRA"]
[Date "2002.08.01"]
[Round "6"]
[White "Prie,E"]
[Black "Mullon,J"]
[Result "1/2-1/2"]
[WhiteElo "2489"]
[BlackElo "2318"]

1.e4 c5 2.Nf3 Nc6 3.d4 cxd4 4.Nxd4 Qb6 5.Nb3 Nf6 6.Nc3 e6 7.Bd3 Bb4 8.O-O Bxc3
9.bxc3 O-O 10.Nd4 Nxd4 11.Be3 Ne2+ 12.Qxe2 Qc7 13.f4 d6 14.Qe1 Bd7 15.Qh4 Qxc3
16.e5 Ne4 17.Rab1 Bc6 18.exd6 f5 19.Rb3 Qa5 20.Bxe4 Bxe4 21.Bd4 Qd2  1/2-1/2

[Event "7th Open"]
[Site "Creon FRA"]
[Date "2002.08.01"]
[Round "6"]
[White "Leygue,D"]
[Black "Zigura,O"]
[Result "1-0"]
[WhiteElo "2256"]
[BlackElo "2388"]

1.e4 c5 2.Nf3 Nc6 3.d4 cxd4 4.Nxd4 Qc7 5.Nc3 e6 6.Be2 Nf6 7.O-O Nxd4 8.Qxd4 Bc5
9.Qd3 a6 10.Kh1 d6 11.f4 Bd7 12.Qg3 O-O 13.e5 Ne8 14.Ne4 d5 15.Nf6+ Kh8 16.Qh4 gxf6
17.Rf3 Rg8 18.Rh3 Rg7 19.f5 Qxe5 20.Bh6 Rxg2 21.Bd3 Bf2 22.Qh5 Ng7 23.Qxf7 Rg8
24.fxe6 f5 25.exd7 Ne6 26.Bg5 Nxg5 27.Qxg8+ Kxg8 28.d8=Q+ Kg7 29.Kxg2 f4
30.Rh5 h6 31.Qd7+ Kg8 32.Qh7+  1-0

[Event "Valoz Cup"]
[Site "Olomouc CZE"]
[Date "2002.08.01"]
[Round "2"]
[White "Laznicka,V"]
[Black "Hasangatin,R"]
[Result "0-1"]
[WhiteElo "2219"]
[BlackElo "2517"]

1.e4 c5 2.Nf3 Nc6 3.d4 cxd4 4.Nxd4 Qc7 5.Nc3 e6 6.Be3 a6 7.Bd3 Nf6 8.O-O Ne5
9.h3 Bc5 10.Qe2 d6 11.f4 Ned7 12.Nb3 Bxe3+ 13.Qxe3 b5 14.a4 b4 15.Ne2 Bb7
16.a5 Nc5 17.Nxc5 dxc5 18.e5 Nd5 19.Qf2 O-O 20.Ng3 f6 21.exf6 Rxf6 22.Ne4 Rxf4
23.Qxc5 Rxe4 24.Qxc7 Nxc7 25.Bxe4 Bxe4 26.Rf4 Bf5 27.Rxb4 Nd5 28.Rc4 Ne3
29.Rc7 Nxc2 30.Rd1 e5 31.g4 Bg6 32.Rdd7 Nd4 33.Rxg7+ Kh8 34.Rge7 Rf8 35.Kg2 Be4+
36.Kg3 Ne2+ 37.Kh4 Nf4 38.Red7 Re8 39.Kg3 Rb8 40.b4 Ne6 41.Rc4 Nf8 42.Rd6 Bb1
43.Rc1 Be4 44.Rb6 Rd8 45.Re1 Rd3+ 46.Kh4 Bg2 47.Kg5 Bxh3 48.Rxe5 Rd4 49.Re8 Kg7
50.Rb7+ Kg8 51.Rbb8 Rxg4+ 52.Kh5 Rf4 53.b5 Bd7 54.Re7 Bxb5 55.Kg5 Rf2  0-1

[Event "It"]
[Site "Sudak UKR"]
[Date "2002.08.02"]
[Round "1"]
[White "Semenova,I"]
[Black "Areshchenko,A"]
[Result "0-1"]
[WhiteElo "2257"]
[BlackElo "2533"]

1.e4 c5 2.Nf3 Nc6 3.d4 cxd4 4.Nxd4 Qb6 5.Nb3 Nf6 6.Nc3 e6 7.Be3 Qc7 8.Bd3 a6
9.O-O d6 10.f4 Be7 11.a4 O-O 12.a5 Nb4 13.Kh1 Bd7 14.Rf3 Rac8 15.Rh3 g6 16.Qf3 e5
17.f5 d5 18.Bg5 d4 19.Bxf6 Bxf6 20.Nd5 Qd6 21.Nxb4 Qxb4 22.Qe2 Bg5 23.g4 Rc6
24.Qf2 Rfc8 25.Rf1 Qe7 26.Rf3 Be3 27.Qg3 f6 28.Qe1 g5 29.c3 Be8 30.Qd1 Bf7
31.Bc2 Bf4 32.Qe1 Qc7 33.Bd1 dxc3 34.bxc3 Rxc3 35.Rxc3 Qxc3 36.Qxc3 Rxc3
37.Na1 Bc4  0-1

[Event "ch-SLO"]
[Site "Dobrna SLO"]
[Date "2002.08.04"]
[Round "2"]
[White "Roskar,R"]
[Black "Kukovec,B"]
[Result "1-0"]
[WhiteElo "2279"]
[BlackElo "2145"]

1.e4 c5 2.Nf3 Nc6 3.d4 cxd4 4.Nxd4 Qc7 5.Nc3 e6 6.Be3 a6 7.Bd3 Nf6 8.O-O h5
9.h3 b5 10.Nxc6 Qxc6 11.Be2 Qc7 12.Bf3 Rb8 13.Bd4 Bd6 14.Re1 Bh2+ 15.Kh1 Be5
16.Nd5 Qd6 17.c3 h4 18.Qd2 Bb7 19.Rad1 Nh7 20.Ne3 Bxd4 21.cxd4 Qf4 22.Qb4 Ng5
23.Nf5 exf5 24.exf5+ Ne6 25.Bxb7 Rxb7 26.fxe6 fxe6 27.Re3 Qf8 28.Qd2 Qd6
29.d5 Ke7 30.Qd4 Rh7 31.Qg4 Rb8 32.dxe6  1-0

[Event "FSGM August"]
[Site "Budapest HUN"]
[Date "2002.08.07"]
[Round "5"]
[White "Rajlich,V"]
[Black "Fogarasi,T"]
[Result "1/2-1/2"]
[WhiteElo "2338"]
[BlackElo "2466"]

1.e4 c5 2.Nf3 Nc6 3.d4 cxd4 4.Nxd4 Qb6 5.Nb3 Nf6 6.Nc3 e6 7.Bd3 Be7 8.Be3 Qc7
9.O-O O-O 10.f4 d6 11.Qf3 Nb4 12.Nb5 Qb8 13.e5 dxe5 14.fxe5 Qxe5 15.Bd4 Qb8
16.Bxf6 Bxf6 17.Bxh7+ Kxh7 18.Qh5+ Kg8 19.Rxf6 Nd5 20.Rf3 Nf4 21.Qc5 Bd7
22.Nc7 Bc6 23.Rxf4 Qxc7 24.Rc4 Qd8 25.Rd4 Qf6 26.Rad1 e5 27.Rd6 Qg5 28.Qf2 Rfd8
29.Rxd8+ Rxd8 30.Rxd8+ Qxd8 31.Qd2 Qd5 32.a3 f6 33.Qxd5+ Bxd5 34.Nd2 Kf7
35.Kf2 Ke6 36.g3 b6 37.c4 Bc6 38.b4 Kf5 39.h4 Bb7 40.a4 Bc6 41.a5 bxa5 42.bxa5 g5
43.hxg5 Kxg5 44.Nb1 Kf5 45.Nc3 Ke6 46.Ke3 f5 47.Na2 Kd6 48.Kd3 Kc5 49.Kc3 f4
50.gxf4 exf4 51.Nc1 Be4 52.Nd3+ Bxd3 53.Kxd3 a6 54.Ke4 Kxc4 55.Kxf4 Kb4 56.Ke3 Kxa5
57.Kd2 Kb5 58.Kc2 a5 59.Kb3 a4+ 60.Ka3 Kb6  1/2-1/2

[Event "Open"]
[Site "Davos SUI"]
[Date "2002.08.07"]
[Round "4"]
[White "Zindel,E"]
[Black "Schweizer,R"]
[Result "1-0"]
[WhiteElo "2001"]
[BlackElo "2014"]

1.e4 c5 2.Nf3 Nc6 3.d4 cxd4 4.Nxd4 Qb6 5.Nb3 Nf6 6.Nc3 e6 7.Be3 Qc7 8.a3 Be7
9.Be2 O-O 10.O-O d6 11.f4 a6 12.Bf3 b5 13.Qe2 Bb7 14.Rae1 Nd7 15.Qf2 Na5
16.Nxa5 Qxa5 17.Na2 Qc7 18.c3 Nc5 19.Qc2 Rac8 20.Nc1 Rfd8 21.Nb3 Nd7 22.Nd4 Nb6
23.Kh1 d5 24.e5 Nc4 25.Bc1 Qb6 26.f5 Nxa3 27.Qf2 Nc4 28.fxe6 fxe6 29.Bg4 Kh8
30.Qf7 Nxe5 31.Rxe5 Rf8 32.Qxf8+ Rxf8 33.Rxf8+ Bxf8 34.Bxe6 Qc7 35.Rf5 Qd8
36.Rf7 Ba8 37.Bf4 h6 38.Be5 Kh7 39.Bf5+ Kg8 40.Ne6 Qe8 41.Rxf8+ Qxf8 42.Nxf8 Kxf8
43.Kg1 Kf7 44.Kf2 g6 45.Bd7 g5 46.g3 Bb7 47.Ke3 Ke7 48.Bg4 Kf7 49.Kd4  1-0

[Event "8th Open"]
[Site "Chambery FRA"]
[Date "2002.08.08"]
[Round "7"]
[White "Le Roy,B"]
[Black "Olivier,JC"]
[Result "0-1"]
[WhiteElo "2249"]
[BlackElo "2350"]

1.e4 c5 2.Nf3 Nc6 3.d4 cxd4 4.Nxd4 Qb6 5.Nb3 Nf6 6.Nc3 e6 7.Bd3 Bb4 8.O-O Bxc3
9.bxc3 O-O 10.Bg5 Ne8 11.Be3 Qc7 12.f4 b6 13.Qf3 Bb7 14.Rae1 Nd6 15.Qh3 f5
16.e5 Ne4 17.Bc1 Ne7 18.Ba3 Rfe8 19.Nd4 Nxc3 20.Bd6 Qc8 21.g4 g6 22.Qh4 Qd8
23.gxf5 Nxf5 24.Nxf5 exf5 25.Qg3 b5 26.h4 Qb6+ 27.Kh2 Ne4 28.Bxe4 Bxe4 29.h5 Rac8
30.c3 Bd5 31.hxg6 Re6 32.Rg1 Rxg6 33.Qh4 Rxc3 34.Rxg6+ hxg6 35.Re2 Rc1 36.Qf2 Qd8  0-1

[Event "FSGM August"]
[Site "Budapest HUN"]
[Date "2002.08.09"]
[Round "7"]
[White "Borisek,J"]
[Black "Fogarasi,T"]
[Result "1/2-1/2"]
[WhiteElo "2341"]
[BlackElo "2466"]

1.e4 c5 2.Nf3 Nc6 3.d4 cxd4 4.Nxd4 Qc7 5.Nb5 Qb8 6.f4 d6 7.Be3 Nf6 8.Nd2 g6
9.Be2 Bg7 10.O-O O-O 11.Bf3 Nd7 12.c3 a6 13.Nd4 e5 14.Ne2 exf4 15.Nxf4 b5
16.Nd5 Bb7 17.a4 Nce5 18.Ne7+ Kh8 19.axb5 axb5 20.Qb3 Re8 21.Nd5 Nc5 22.Bxc5 dxc5
23.Qxb5 Bxd5 24.Qxb8 Raxb8 25.exd5 Rxb2 26.Ne4 h6 27.Rab1 Ra2 28.Bd1 c4 29.Nd6 Rd8
30.Nxf7+ Nxf7 31.Rxf7 Bxc3 32.Rf4 Rxd5 33.Rxc4 Rb2 34.Rc1 Bd4+ 35.Kh1 Be3
36.Ra1 Ra2 37.Rb1 Rb2 38.Ra1 Ra2 39.Rb1  1/2-1/2

[Event "Open"]
[Site "Davos SUI"]
[Date "2002.08.09"]
[Round "6"]
[White "Hugentobler,P"]
[Black "Reust,E"]
[Result "1-0"]
[WhiteElo "2257"]
[BlackElo "2031"]

1.e4 c5 2.Nf3 Nc6 3.d4 cxd4 4.Nxd4 Qb6 5.Nb3 Nf6 6.Nc3 e6 7.Be3 Qc7 8.Bd3 Bb4
9.O-O Bxc3 10.bxc3 O-O 11.f4 g6 12.c4 d6 13.Qf3 Nd7 14.g4 b6 15.Qh3 Bb7 16.f5 f6
17.fxe6 Nde5 18.Bh6 Rfe8 19.Rxf6 Nd8 20.g5 Bc8 21.Raf1 Nxe6 22.Qg3 Qe7 23.Nd2 Bd7
24.Nf3 Nf7 25.Nh4 Ne5 26.Ng2 Rac8 27.Ne3 Nc7 28.Be2 Be6 29.Qf4 Nd7 30.Ng4 Red8
31.e5 dxe5 32.Qe3 Rb8 33.R6f2 Bxg4 34.Bxg4 Ne6 35.Rf7 Qxf7 36.Rxf7 Kxf7 37.Qf3+ Ke7
38.Bxe6 Kxe6 39.Qd5+ Ke7 40.Bg7 Re8 41.c5 bxc5 42.Bxe5 Rb6 43.Bc3 Re6 44.a4 Rb8
45.a5 a6 46.h4 Rb5 47.Kf2 Nb8 48.Bf6+ Kf7 49.Qd8 Re8 50.Qc7+ Ke6 51.Qxh7 Nd7
52.Bc3 Rf8+ 53.Kg2 Rb1 54.Qxg6+ Ke7 55.Qxa6 Rf4 56.Qe2+ Kd8 57.a6 Ra4 58.g6 Rb6
59.h5 Raxa6 60.g7  1-0

[Event "11th Open"]
[Site "Kavala GRE"]
[Date "2002.08.11"]
[Round "3"]
[White "Dochev,D"]
[Black "Miladinovic,I"]
[Result "0-1"]
[WhiteElo "2391"]
[BlackElo "2501"]

1.e4 c5 2.Nf3 Nc6 3.d4 cxd4 4.Nxd4 Qc7 5.Nc3 e6 6.g3 a6 7.Bg2 Nge7 8.Nb3 d6
9.f4 Bd7 10.a4 Nc8 11.Qe2 Be7 12.O-O O-O 13.Be3 Re8 14.Rfd1 Bf8 15.a5 Nb4
16.Rd4 d5 17.Qd2 Nc6 18.Rd3 Nd6 19.Bb6 Qc8 20.exd5 Nb4 21.dxe6 Rxe6 22.Rd4 Nc6
23.Rda4 Nb5 24.Nxb5 axb5 25.Re4 Rd6 26.Qe1 Rh6 27.c3 Be6 28.Nd4 Bd5 29.Re2 Bxg2
30.Rxg2 b4 31.Nxc6 Qxc6 32.Re2 bxc3 33.bxc3 Rg6 34.Bd4 h5 35.Qf2 h4 36.Qg2 Qc4
37.Re3 Qb5 38.Re5 Qd7 39.Rg5 Rd6 40.Rb1 h3 41.Qf3 Re8 42.Re5 Rxe5 43.fxe5 Rd5
44.g4 Rxa5 45.Qxh3 b5 46.Rd1 b4 47.Rb1 Ra3 48.Rc1  0-1

[Event "11th Open"]
[Site "Kavala GRE"]
[Date "2002.08.12"]
[Round "4"]
[White "Mastrovasilis,D"]
[Black "Botsari,A"]
[Result "1-0"]
[WhiteElo "2462"]
[BlackElo "2329"]

1.e4 c5 2.Nf3 Nc6 3.d4 cxd4 4.Nxd4 Qc7 5.Nc3 e6 6.Be2 a6 7.O-O Nf6 8.Be3 Bb4
9.Na4 Be7 10.Nxc6 bxc6 11.Nb6 Rb8 12.Nxc8 Qxc8 13.Bd4 c5 14.Be5 Rb6 15.Qd3 O-O
16.b3 d5 17.exd5 Nxd5 18.Rad1 Bf6 19.Bxf6 Nxf6 20.Rd2 Nd5 21.Bf3 Nf4 22.Qe3 Ng6
23.Rfd1 Nh4 24.Be4 f5 25.Qg5 Ng6 26.Bf3 Qc7 27.Rd7 Qe5 28.h4 Re8 29.Bh5 c4
30.Bxg6 hxg6 31.Qxg6 Rf8 32.h5 Qf6 33.bxc4 Rb2 34.Rc7 Rxa2 35.Qxf6 Rxf6 36.Rdd7 Kh7
37.Rxg7+ Kh6 38.Rh7+ Kg5 39.Rcg7+ Kf4 40.Rg6 Rf8 41.Rxe6 Rxc2 42.Rg7 Rc1+
43.Kh2 Rxc4 44.h6 Rh8 45.h7 a5 46.Re3 Re4 47.Rf3+ Ke5 48.Rh3 Rg4 49.Ra7 a4
50.f3 Rd4 51.Rh6 Rb4 52.Ra5+ Kd4 53.Rxf5 Rb7 54.Rf4+ Ke3 55.Rxa4 Rbxh7 56.Rxh7 Rxh7+
57.Kg3 Ke2 58.Re4+ Kf1 59.Rg4 Rf7 60.Rg5 Rb7  1-0

[Event "It"]
[Site "Tel Aviv ISR"]
[Date "2002.08.17"]
[Round "10"]
[White "Livshits,G"]
[Black "Bar,R"]
[Result "1/2-1/2"]
[WhiteElo "2380"]
[BlackElo "2433"]

1.e4 c5 2.Nf3 Nc6 3.d4 cxd4 4.Nxd4 Qc7 5.Nc3 e6 6.g3 a6 7.Bg2 Nf6 8.O-O Bc5
9.Nxc6 dxc6 10.e5 Qxe5 11.Bf4 Qh5 12.Bf3 Qf5 13.Na4 Ba7 14.Bd6 e5 15.Nc5 Bxc5
16.Bxc5 e4 17.Qd6 Qe6 18.Qd4 Qd5 19.Qe3 Be6 20.Rfd1 Qf5 21.Bg2 Nd5 22.Qxe4 Qxe4
23.Bxe4 O-O-O 24.Bf3 Nc7 25.b3 Rxd1+ 26.Rxd1 Rd8 27.Rxd8+ Kxd8 28.c4 Bf5
29.Bd1 Ne6 30.Be3 Bd3 31.f4 f5 32.Kf2 Kd7 33.Ke1 Be4 34.Kd2 c5 35.Kc3 a5
36.a3 b6 37.g4 fxg4 38.Bxg4 g6 39.b4 axb4+ 40.axb4 Kd6 41.bxc5+ bxc5 42.Bxe6 Kxe6
43.Bxc5 Kd7 44.Bf8 h5 45.Kd4 Bg2 46.Ke5 Bh3 47.Bb4 Kc6  1/2-1/2

[Event "Open"]
[Site "Nikea GRE"]
[Date "2002.08.20"]
[Round "2"]
[White "Makka,E"]
[Black "Managadze,N"]
[Result "0-1"]
[WhiteElo "2035"]
[BlackElo "2428"]

1.e4 c5 2.Nf3 Nc6 3.d4 cxd4 4.Nxd4 Qb6 5.Nb3 Nf6 6.Nc3 e6 7.Be3 Qc7 8.a3 a6
9.Be2 b5 10.f4 d6 11.O-O Be7 12.Bf3 Bb7 13.Qe1 O-O 14.Rd1 Rab8 15.Kh1 Ba8
16.Bg1 Nd7 17.Qg3 Bf6 18.Nd4 Na5 19.Be2 Nc4 20.Bxc4 bxc4 21.Rb1 Nc5 22.Rfe1 g6
23.f5 exf5 24.exf5 Rfe8 25.Rf1 Be5 26.Qg4 Qc8 27.Qd1 Ne4 28.Nxe4 Bxe4 29.fxg6 hxg6
30.Nf3 Qc6 31.Bd4 Bxd4 32.Qxd4 Bxc2 33.Rbc1 Re2 34.Qf6 Bf5 35.Qg5 Rbxb2 36.Nh4 Rxg2
37.Nxg2 Rxg2  0-1

[Event "13th Summer Open"]
[Site "Recklinghausen GER"]
[Date "2002.08.20"]
[Round "4"]
[White "Braslavskij,A"]
[Black "Mainka,R"]
[Result "0-1"]
[WhiteElo "2217"]
[BlackElo "2414"]

1.e4 c5 2.Nf3 Nc6 3.d4 cxd4 4.Nxd4 Qc7 5.c4 Nf6 6.Nc3 e6 7.Be3 a6 8.Be2 h5
9.h3 Bb4 10.Qc2 Ne5 11.O-O Bxc3 12.Qxc3 Nxe4 13.Qc2 Nf6 14.f4 Ng6 15.Rad1 Ne7
16.Qa4 Rb8 17.Qa3 b6 18.Bd2 Ne4 19.Bb4 Nc5 20.Nb3 d6 21.Nxc5 dxc5 22.Bc3 f6
23.b4 Nf5 24.Rf2 cxb4 25.Bxb4 a5 26.Bc3 Bd7 27.Bd3 Kf7 28.Bxf5 exf5 29.c5 Be6
30.cxb6 Qxb6 31.Bxa5 Ra8 32.Bxb6 Rxa3 33.Bc5 Rxa2 34.Rxa2 Bxa2 35.Rd7+ Kg6
36.Kf2 Rc8 37.Be3 Bb1 38.Kf3 h4 39.Kf2 Be4 40.Rd2 Rc3 41.Rd7 Rb3 42.Rd2 Bxg2
43.Rd7 Bxh3 44.Bc5 Rg3 45.Bf8 Kh7 46.Be7 Kg8 47.Bd6 Rg2+ 48.Kf3 Rc2 49.Rd8+ Kh7
50.Bf8 Bg4+ 51.Ke3 Bh3  0-1

[Event "ch-RUS"]
[Site "Krasnodar RUS"]
[Date "2002.08.27"]
[Round "1"]
[White "Savchenko,B"]
[Black "Balashov,Y"]
[Result "1/2-1/2"]
[WhiteElo "2366"]
[BlackElo "2526"]

1.e4 c5 2.Nf3 Nc6 3.d4 cxd4 4.Nxd4 Qb6 5.Nb3 Nf6 6.Nc3 e6 7.Be3 Qc7 8.f4 d6
9.Be2 a6 10.a4 b6 11.O-O Be7 12.Bf3 Rb8 13.Nd4 Bb7 14.Nxc6 Bxc6 15.Qe2 Qb7
16.Bd4 O-O 17.e5 dxe5 18.Bxe5 Rbd8 19.Bxc6 Qxc6 20.Rad1 a5 21.h3 g6 22.Kh2 Rd7
23.Qb5 Qxb5 24.Nxb5 Rc8 25.c3 Nd5 26.b3 Rcd8 27.Rf3 f6 28.Bd4 Nxf4 29.Rxf4 e5
30.Re4 exd4 31.Rdxd4 Kf7  1/2-1/2

[Event "Open"]
[Site "Nikea GRE"]
[Date "2002.08.27"]
[Round "9"]
[White "Petrov,Marij"]
[Black "Kalesis,N"]
[Result "1-0"]
[WhiteElo "2455"]
[BlackElo "2411"]

1.e4 c5 2.Nf3 Nc6 3.d4 cxd4 4.Nxd4 Qb6 5.Nb3 Nf6 6.Nc3 e6 7.Bd3 Be7 8.f4 d6
9.Qf3 a6 10.Be3 Qc7 11.O-O O-O 12.Qh3 b5 13.Rae1 Nb4 14.e5 dxe5 15.fxe5 Qxe5
16.Bd4 Qh5 17.Qxh5 Nxh5 18.Be4 Bd7 19.Bxa8 Rxa8 20.Bc5 Bxc5+ 21.Nxc5 Bc6
22.Rd1 Nd5 23.Nxd5 Bxd5 24.Nd7 Rd8 25.Nb6 Nf6 26.a4 h5 27.b3 Rb8 28.a5 Rb7
29.c4 bxc4 30.bxc4 Be4 31.Rd4 e5 32.Rd8+ Kh7 33.c5 Re7 34.Rfd1 Bb7 35.Nd7 Ne8
36.Nb8 Nf6 37.c6 Ba8 38.R1d7 Re6 39.c7  1-0

[Event "Open"]
[Site "Padron ESP"]
[Date "2002.08.28"]
[Round "7"]
[White "Herrera,I"]
[Black "Wohl,A"]
[Result "0-1"]
[WhiteElo "2478"]
[BlackElo "2419"]

1.e4 c5 2.Nf3 Nc6 3.d4 cxd4 4.Nxd4 Qb6 5.Nb3 Nf6 6.Nc3 e6 7.Bd3 Be7 8.O-O a6
9.Kh1 d6 10.f4 Bd7 11.Qf3 Qc7 12.Bd2 b5 13.a3 O-O 14.Rae1 b4 15.Nd1 bxa3
16.bxa3 a5 17.Bc3 e5 18.f5 Rfe8 19.Ne3 a4 20.Nd2 Nd4 21.Bxd4 exd4 22.Nd5 Qc5
23.Nxe7+ Rxe7 24.g4 h6 25.h4 d5 26.e5 Rae8 27.g5 hxg5 28.hxg5 Ne4 29.Bxe4 Rxe5
30.g6 dxe4 31.gxf7+ Kxf7 32.Qh5+ Kg8 33.Rg1 R8e7 34.Nxe4 Bc6  0-1

[Event "GER-GRE Match"]
[Site "Fuerth GER"]
[Date "2002.09.05"]
[Round "6"]
[White "Luther,T"]
[Black "Banikas,H"]
[Result "1-0"]
[WhiteElo "2551"]
[BlackElo "2521"]

1.e4 c5 2.Nf3 Nc6 3.d4 cxd4 4.Nxd4 Qc7 5.Nc3 e6 6.Be3 a6 7.Qd2 Nf6 8.O-O-O b5
9.Bf4 Ne5 10.Nf3 Nfg4 11.Bg3 d6 12.a3 Be7 13.Bxb5+ axb5 14.Nxb5 Qb6 15.Nxd6+ Bxd6
16.Qxd6 Qxd6 17.Rxd6 f6 18.Nxe5 Nxe5 19.Bxe5 fxe5 20.Rhd1 Ke7 21.Rc6 Ra7
22.Rc5 Rf8 23.f3 Kf6 24.Rd2 g5 25.c4 h5 26.Kc2 Rg8 27.Kc3 g4 28.fxg4 hxg4
29.Rf2+ Ke7 30.Rxe5 g3 31.hxg3 Rxg3+ 32.Rf3 Rxg2 33.Rh5 Kd6 34.Rd3+ Kc6 35.Rh8 Bd7
36.Rh7 Rg5 37.a4 Re5 38.b4 Rxa4 39.Rdxd7 Rxe4 40.b5+ Kc5 41.Rh5+ Kb6 42.Rd6+ Kc7
43.Rc6+ Kd7 44.Rh7+ Kd8 45.Kb3 Ra1 46.Ra6 Ree1 47.Rxa1 Rxa1 48.c5 Rb1+ 49.Kc4 Rc1+
50.Kd4 Rd1+ 51.Ke5 Rd5+ 52.Kxe6 Rxc5 53.Kd6  1-0

[Event "Autumn I"]
[Site "Alushta UKR"]
[Date "2002.09.17"]
[Round "4"]
[White "Yevseev,D"]
[Black "Selin,O"]
[Result "1-0"]
[WhiteElo "2546"]
[BlackElo "2432"]

1.e4 c5 2.Nf3 Nc6 3.d4 cxd4 4.Nxd4 Qb6 5.Nb3 Nf6 6.Nc3 e6 7.Be3 Qc7 8.f3 a6
9.Qd2 Be7 10.O-O-O d6 11.g4 O-O 12.g5 Nd7 13.h4 Nc5 14.h5 b5 15.g6 b4 16.Ne2 Nxb3+
17.axb3 a5 18.Nd4 Nxd4 19.Bxd4 e5 20.h6 Bf6 21.hxg7 Bxg7 22.Bc4 exd4 23.Rdg1 d5
24.gxh7+ Kh8 25.Rxg7 Qe5 26.Rg5 Qf6 27.e5 Qe7 28.Rg8+  1-0

[Event "1st Masters"]
[Site "Villeurbanne FRA"]
[Date "2002.09.21"]
[Round "1"]
[White "Sermier,G"]
[Black "Lazarev,V"]
[Result "0-1"]
[WhiteElo "2386"]
[BlackElo "2458"]

1.e4 c5 2.Nf3 Nc6 3.d4 cxd4 4.Nxd4 Qb6 5.Nb3 Nf6 6.Nc3 e6 7.Be3 Qc7 8.Bd3 a6
9.f4 d6 10.O-O b5 11.a3 Bb7 12.Qe2 Be7 13.Rad1 O-O 14.g4 b4 15.axb4 Nxb4
16.g5 Nd7 17.Nd4 Nxd3 18.cxd3 Rfe8 19.f5 exf5 20.Nxf5 Bf8 21.Qh5 Ne5 22.Rf4 Re6
23.Bd4 Rg6 24.Nh4 Re6 25.Nf5 Rd8 26.Rh4 h6 27.gxh6 g6 28.h7+ Kh8 29.Qg5 f6
30.Bxe5 fxe5 31.Rf1 d5 32.Nh6 Bxh6 33.Rxh6 dxe4 34.Rxg6 Qb6+  0-1

[Event "1st Masters"]
[Site "Villeurbanne FRA"]
[Date "2002.09.24"]
[Round "4"]
[White "Masserey,Y"]
[Black "Lazarev,V"]
[Result "1/2-1/2"]
[WhiteElo "2327"]
[BlackElo "2458"]

1.e4 c5 2.Nf3 Nc6 3.d4 cxd4 4.Nxd4 Qc7 5.Nc3 e6 6.g3 a6 7.Bg2 d6 8.O-O Bd7
9.Re1 Be7 10.Nxc6 Bxc6 11.Qg4 h5 12.Qe2 h4 13.a4 hxg3 14.hxg3 Rc8 15.a5 Nf6
16.Be3 Nd7  1/2-1/2

[Event "7th ECCW"]
[Site "Antalya TUR"]
[Date "2002.09.29"]
[Round "1"]
[White "Peptan,C"]
[Black "Javakhishvili,L"]
[Result "0-1"]
[WhiteElo "2477"]
[BlackElo "2319"]

1.e4 c5 2.Nf3 Nc6 3.d4 cxd4 4.Nxd4 Qc7 5.Nc3 e6 6.Be3 a6 7.Bd3 Nf6 8.O-O Ne5
9.h3 Bc5 10.Kh1 d6 11.f4 Ng6 12.Qe1 O-O 13.a3 b5 14.b4 Bb6 15.a4 e5 16.fxe5 dxe5
17.Nf5 Bxf5 18.Bxb6 Qxb6 19.exf5 Nf4 20.axb5 Qb7 21.Ne4 axb5 22.Rxa8 Qxa8
23.Nxf6+ gxf6 24.Be4 Qd8 25.Qf2 Kh8 26.Qc5 Rg8 27.Bf3 Qd7 28.Bg4 h5 29.Rd1 Qb7
30.Qf2 Rg5 31.Rd8+ Kh7 32.Bf3 e4 33.h4 Rg7 34.Rd4 exf3 35.Rxf4 fxg2+ 36.Kg1 Qa8
37.Qd4 Qa3 38.Qd1 Qh3  0-1

[Event "Autumn III"]
[Site "Alushta UKR"]
[Date "2002.09.30"]
[Round "5"]
[White "Inarkiev,E"]
[Black "Kurnosov,I"]
[Result "1/2-1/2"]
[WhiteElo "2545"]
[BlackElo "2433"]

1.e4 c5 2.Nf3 Nc6 3.d4 cxd4 4.Nxd4 Qb6 5.Nb3 Nf6 6.Nc3 e6 7.Bd3 a6 8.Qe2 Qc7
9.f4 d6 10.Be3 b5 11.g4 Nd7 12.Qf2 Bb7 13.g5 Be7 14.O-O-O Nc5 15.Kb1 O-O-O
16.Nxc5 dxc5 17.Bxc5 Bxc5 18.Qxc5 Qxf4 19.Rhf1 Qc7 20.Bxb5 axb5 21.Nxb5 Rxd1+
22.Rxd1 Rd8 23.Rxd8+ Qxd8 24.b4 Kb8 25.Nd6 Ne7 26.Nb5 Nc6 27.Nd6 Ne7 28.Nb5 Nc6  1/2-1/2

[Event "Autumn III"]
[Site "Alushta UKR"]
[Date "2002.10.02"]
[Round "7"]
[White "Inarkiev,E"]
[Black "Gasanov,E"]
[Result "1-0"]
[WhiteElo "2545"]
[BlackElo "2471"]

1.e4 c5 2.Nf3 Nc6 3.d4 cxd4 4.Nxd4 Qb6 5.Nb3 Nf6 6.Nc3 e6 7.Bd3 d6 8.Qe2 a6
9.f4 Be7 10.Be3 Qc7 11.O-O-O b5 12.Kb1 Bb7 13.g4 Nd7 14.Qf2 Nb4 15.Rhf1 Rc8
16.g5 O-O 17.f5 Ne5 18.Bb6 Qd7 19.f6 Bd8 20.fxg7 Kxg7 21.Bxd8 Qxd8 22.Ne2 Kh8
23.h4 Qe7 24.Ng3 Nbc6 25.Nh5 Nb8 26.Nf6 Nbd7 27.Qg3 Qd8 28.Nh5 Rg8 29.Nd4 Qe7
30.Qe3 Rcf8 31.Qh3 Rc8 32.Rd2 b4 33.Nf3 Nxf3 34.Qxf3 Ne5 35.Qe3 a5 36.Qd4 Qc7
37.Qf2 Qe7 38.Nf6 Rgd8 39.h5 Ba8 40.Qh2 a4 41.Rg2 Nd7 42.Nxh7 b3 43.g6 bxc2+
44.Bxc2 f6 45.Qf4 Kg8 46.Bxa4 Rc4 47.Bxd7 Bxe4+ 48.Qxe4 Rxe4 49.Nxf6+ Kg7  1-0

[Event "Autumn III"]
[Site "Alushta UKR"]
[Date "2002.10.03"]
[Round "9"]
[White "Belikov,V"]
[Black "Gasanov,E"]
[Result "1-0"]
[WhiteElo "2487"]
[BlackElo "2471"]

1.e4 c5 2.Nf3 Nc6 3.d4 cxd4 4.Nxd4 Qb6 5.Nb3 Nf6 6.Nc3 e6 7.Bd3 Be7 8.Be3 Qc7
9.f4 d6 10.Qf3 a6 11.O-O b5 12.Rae1 Bb7 13.Qh3 O-O 14.Rf3 Nb4 15.Rg3 Kh8
16.a3 Nxd3 17.cxd3 a5 18.Nxb5 Qc2 19.N3d4 Qxb2 20.Rf3 e5 21.Rf2 Qxf2+ 22.Bxf2 exd4
23.Bxd4 Rfc8 24.Bxf6 Bxf6 25.Nxd6 Bd4+  1-0

[Event "Autumn III"]
[Site "Alushta UKR"]
[Date "2002.10.05"]
[Round "11"]
[White "Kaiumov,D"]
[Black "Kurnosov,I"]
[Result "0-1"]
[WhiteElo "2460"]
[BlackElo "2433"]

1.e4 c5 2.Nf3 Nc6 3.d4 cxd4 4.Nxd4 Qb6 5.Nb3 Nf6 6.Nc3 e6 7.Bd3 Be7 8.Be3 Qc7
9.f4 d6 10.O-O a6 11.Qf3 O-O 12.Rae1 b5 13.Kh1 b4 14.Nd1 a5 15.Nf2 e5 16.f5 Bb7
17.g4 a4 18.Nd2 Nd4 19.Qg2 Nd7 20.Rc1 a3 21.b3 Rfc8 22.Nf3 Qd8 23.Bxd4 exd4
24.g5 Bf8 25.Ng4 Nc5 26.Rg1 Kh8 27.Rcf1 Nxd3 28.cxd3 Rc3 29.Rd1 Ba6 30.Qe2 Rac8
31.f6 g6 32.Nxd4 Qb6 33.Qe3 d5 34.Ne5 Bc5 35.Qh3 h5 36.Qd7 Qc7 37.Qxd5 Bb7
38.Qxf7 Qxf7 39.Nxf7+ Kg8 40.Nh6+ Kh7 41.Nf3 Bxg1 42.Kxg1 Rc1 43.Rxc1 Rxc1+
44.Kf2 Rc2+ 45.Ke3 Rxa2 46.Nd4 Rc2  0-1

[Event "Autumn III"]
[Site "Alushta UKR"]
[Date "2002.10.07"]
[Round "13"]
[White "Kaiumov,D"]
[Black "Gasanov,E"]
[Result "0-1"]
[WhiteElo "2460"]
[BlackElo "2471"]

1.e4 c5 2.Nf3 Nc6 3.d4 cxd4 4.Nxd4 Qb6 5.Nb3 Nf6 6.Nc3 e6 7.Bd3 d6 8.O-O Be7
9.Kh1 O-O 10.f4 a6 11.Qf3 Qc7 12.a3 b5 13.e5 dxe5 14.fxe5 Nxe5 15.Bf4 Bd6
16.Qxa8 Bb7 17.Nxb5 axb5 18.Qa5 Qb8 19.Bxe5 Bxe5 20.Qxb5 Ng4 21.Rae1 f5 22.Rxe5 Nxe5
23.Be2 Ng4 24.Bxg4 Bxg2+ 25.Kxg2 Qxb5 26.Bf3 e5 27.Rf2 e4 28.Be2 Qe5 29.c3 f4
30.Bd1 Kh8 31.Nd4 f3+ 32.Kh1 e3 33.Rxf3 Rxf3 34.Nxf3 e2  0-1